000
00333nam a2200145Ia 4500
008
191201s2010 xx 000 0 und d
020
_a
9788182090347
100
_a
LIPSCHUTZ, Seymour
245
0
_a
Discrete Mathematics
250
_a
3rd
260
_c
2010
_b
TMH
_a
N. delhi
300
_a
MISC
650
_a
MCA
942
_2
ddc
_c
BB
_0
64
999
_c
7379
_d
7379